Statistics for Tarantino Actors in Superhero Movies

Click here to take the quiz!

General Stats

  • This quiz has been taken 36 times
  • The average score is 12 of 21

Answer Stats

Tarantino MoviesSuperhero CharactersActor% Correct
Django Unchained, Inglorious Basterds, Jackie Brown, Kill Bill, Pulp Fiction, The Hateful Eight, True RomanceElijah Price, Nick Fury, Frozone, ShaftSamuel L Jackson
100%
Once Upon a Time in HollywoodHarley QuinnMargot Robbie
94%
Django UnchainedElectroJamie Foxx
88%
Natural Born KillersTony StarkRobert Downey Jr.
88%
Death Proof, Once Upon a Time in Hollywood, The Hateful EightEgo, Steve StrongholdKurt Russell
81%
Jackie BrownVultureMichael Keaton
78%
Four Rooms, Once Upon a Time in Hollywood, Pulp Fiction, Reservoir Dogs, The Hateful EightAbominationTim Roth
69%
Inglourious Basterds, Once Upon a Time in Hollywood, True RomanceMetro Man, VanisherBrad Pitt
66%
Inglourious BasterdsMagnetoMichael Fassbender
66%
From Dusk Till DawnBatmanGeorge Clooney
59%
Pulp FictionHoward SaintJohn Travolta
59%
Inglourious BasterdsBaron ZemoDaniel Bruhl
53%
Kill Bill, Pulp FictionJenny JohnsonUma Thurman
53%
Four Rooms, Pulp FictionDavid DunnBruce Willis
50%
Jackie BrownMurray FranklinRobert De Niro
47%
Django Unchained, Inglourious BasterdsBenjamin ChudofskyChristoph Waltz
41%
Natural Born KillersCarnageWoody Harrelson
41%
Django Unchained, The Hateful EightSonny BurchWalton Goggins
38%
Once Upon a Time in HollywoodCyclopsJames Marsden
34%
Natural Born KillersChester PhillipsTommy Lee Jones
22%
Pulp FictionHelectricPhil LaMarr
6%

Score Distribution

Percentile by Number Answered

Percent of People with Each Score

Your Score History

You have not taken this quiz